| 000 | 00391nam a2200145 a 4500 | ||
|---|---|---|---|
| 005 | 20141022142009.0 | ||
| 008 | 120228s19uu xx 00 eng d | ||
| 050 |
_aCD-ROM _bB74 2003 |
||
| 100 | _aBrealey, Richard A. | ||
| 245 |
_aPrinciples of corporate finance / _cRichard Brealey, Stewart Myers. |
||
| 250 | _a7th ed. | ||
| 260 | _c2003. | ||
| 700 | _aMyers, Stewart C. | ||
| 942 | _cAVM | ||
| 999 |
_c276638 _d276638 |
||